All Formula 1 podiums 1960–69 - Statistics

General Stats
  • This quiz has been taken 910 times
  • The average score is 19 of 40
Answer Stats
Podiums Name Nationality % Correct
32 Jim Clark UK
96%
22 Jack Brabham Australia
95%
19 Jackie Stewart UK
94%
17 Denny Hulme New Zealand
93%
24 Bruce McLaren New Zealand
90%
9 Jacky Ickx Belgium
89%
24 John Surtees UK
88%
36 Graham Hill UK
87%
8 Jochen Rindt Austria
85%
11 Phil Hill USA
84%
4 Pedro Rodríguez Mexico
76%
5 Stirling Moss UK
75%
4 Wolfgang von Trips Germany
71%
17 Dan Gurney USA
65%
6 Chris Amon New Zealand
64%
4 Jo Siffert Switzerland
60%
14 Richie Ginther USA
56%
8 Lorenzo Bandini Italy
55%
1 Tony Brooks UK
47%
1 John Love Rhodesia
41%
1 Ludovico Scarfiotti Italy
41%
4 Jean-Pierre Beltoise France
39%
1 Giancarlo Baghetti Italy
38%
1 Maurice Trintignant France
36%
4 Innes Ireland UK
35%
1 Lucien Bianchi Belgium
22%
2 Olivier Gendebien Belgium
21%
3 Tony Maggs South Africa
19%
1 Jackie Oliver UK
17%
2 Mike Parkes UK
16%
2 Piers Courage UK
16%
1 Mike Spence UK
13%
1 Richard Attwood UK
13%
1 Willy Mairesse Belgium
13%
2 Peter Arundell UK
12%
1 Trevor Taylor UK
12%
1 Brian Redman UK
10%
1 Johnny Servoz-Gavin France
10%
1 Bob Anderson UK
8%
1 Cliff Allison UK
8%
No matching quizzes found
Score Distribution
Percent of People with Each Score
Percentile by Number Answered
Your Score History
You have not taken this quiz